Residus orgànics : jornada 1 jornada 1
Descripción Física:
29 cm
Materias:
Residus orgànics -- Congressos
MARC
| LEADER | 00000nam a2200000Ia 4500 | ||
|---|---|---|---|
| 001 | 23561 | ||
| 003 | BGR | ||
| 005 | 20260324180554.0 | ||
| 008 | 160829s1996 xx 000 0 cat d | ||
| 080 | |a C-3-400 | ||
| 111 | |a Jornades Municipals de Valorització de Residus |9 71319 |c (Barcelona : |d 1996) | ||
| 245 | |a Residus orgànics : |b jornada 1 | ||
| 260 | |a Barcelona : |b Diputació de Barcelona. Àrea de Medi Ambient. Servei de Medi Ambient, |c 1996 | ||
| 300 | |a 29 cm | ||
| 650 | |a Residus orgànics |x Congressos |9 48970 | ||
| 710 | 1 | |a Barcelona (Catalunya : Província). |b Servei de Medi Ambient |9 53475 | |
| 901 | |a Arxiu | ||
| 942 | |n 1 |2 udc |c JC | ||
| 952 | |0 0 |1 0 |4 0 |6 C3400 |7 1 |9 55008 |a Arxiu |b Arxiu |d 2012-08-08 |l 0 |o C-3-400 |p 23561 |r 2016-12-01 00:00:00 |w 2016-12-01 |y ARXIU | ||
| 999 | |c 58878 |d 58878 | ||